000 00317 a2200145 4500
001 155570
040 _cEscola São Tomás de Aquino
240 1 0 _aBuriti Português 2
_lpor
245 1 0 _aBuriti Português 2
300 _a232
362 0 _a2013
440 1 _aModerna
697 _aLíngua portuguesa
942 _cBK
999 _c155570
_d155570